000 00431cam a22001217a 4500
008 180718b2002 xxu||||| |||| 00| 0 eng d
082 _aA84x54 In2/2002(R)
245 _aIndia, 2002: a reference annual
_cby Ministry of Information and Broadcasting
260 _aNew Delhi
_bMinistry of Information and Broadcasting
_c2002
300 _a868p.
650 _aIndia - Yearbooks
700 _aIndia. Ministry of Information and Broadcasting
999 _c399623
_d399623